Pokémon commençant par la lettre L (français) - Statistiques

Statistiques générales
  • Ce quiz a été pris 542 fois
    327 depuis la dernière actualisation
  • Le résultat moyen est 39 sur 53
Statistiques - réponses
Numéro Pokémon % Correct
171 Lanturn
90%
427 Laporeille
89%
170 Loupio
89%
131 Lokhlass
88%
428 Lockpin
86%
249 Lugia
86%
218 Limagma
84%
403 Lixy
83%
405 Luxray
83%
260 Laggron
82%
404 Luxio
82%
380 Latias
81%
381 Latios
81%
496 Lianaja
81%
124 Lippoutou
80%
745 Lougaroc
80%
130 Léviator
79%
238 Lippouti
79%
271 Lombre
78%
180 Lainergie
77%
448 Lucario
77%
272 Ludicolo
76%
087 Lamantine
75%
540 Larveyette
75%
242 Leuphorie
75%
113 Leveinard
75%
617 Limaspeed
75%
816 Larméléon
72%
618 Limonde
72%
264 Linéon
72%
370 Lovdisc
72%
330 Libégon
71%
792 Lunala
71%
603 Lampéroie
70%
589 Lançargot
70%
664 Lépidonille
70%
609 Lugulabre
70%
314 Lumivole
70%
736 Larvibule
69%
581 Lakmécygne
67%
345 Lilia
67%
818 Lézargus
65%
814 Lapyro
64%
824 Larvadar
62%
738 Lucanon
62%
605 Lewsor
61%
457 Luminéon
60%
510 Léopardus
58%
962 Lestombaile
58%
919 Lilliterelle
57%
887 Lanssorien
54%
756 Lampignon
52%
953 Léboulérou
44%
Aucun quiz correspondant
Distribution des résultats
% des personnes avec chaque résultat
Percentile par nombre de réponses
Votre historique - résultats
Vous n’avez pas pris ce quiz depuis la dernière actualisation